| 000 | 00727nam a2200253Ia 4500 | ||
|---|---|---|---|
| 003 | OSt | ||
| 005 | 20220918201305.0 | ||
| 006 | a|||||r|||| 00| 0 | ||
| 007 | ta | ||
| 008 | 220917b |||||||| |||| 00| 0 eng d | ||
| 024 | _a92,928 | ||
| 037 | _cTextual | ||
| 040 |
_aARTS _cARTS _beng |
||
| 041 |
_2eng _aeng |
||
| 082 | _aV1N, K5 | ||
| 100 |
_aJacob Philip E _997972 |
||
| 245 | 0 |
_aDynamics of internationla organization _b the making of world order |
|
| 260 | _c1965 | ||
| 490 | _aDorsey Series in political science ed by Norton E Long; 11 | ||
| 650 | _aHISTORY | ||
| 700 |
_a Atherton Alexine L _997973 |
||
| 942 |
_hV1N, K5 _cTEXL _2CC |
||
| 999 |
_c216576 _d216576 |
||